000
00263nam a2200121 a 4500
008
100920s1963|||| d
100
1
_a
Erenburg, Iľja
245
1
0
_a
Fajky
260
_b
SVKL
_a
Bratislava
_c
1963
020
_c
10
044
_a
xo
_c
SK
041
_a
slo
999
_c
10501
_d
10501